Les Cares del viatge : una aproximació a la immigració estrangera de Rubí / una aproximació a la immigració estrangera de Rubí /
ISBN:
8493069728
Descripción Física:
126 pàgines : il·lustracions ; 25 cm
Otros Autores:
Vaccaro, Ismael
Idioma:
Catalán
MARC
| LEADER | 00000nam a2200000 a 4500 | ||
|---|---|---|---|
| 001 | 26480 | ||
| 005 | 20260324181140.0 | ||
| 008 | 000113s1999 spcao || o000 ||cat | ||
| 017 | |a DL B. 31212-1999 |b Biblioteca de Catalunya | ||
| 020 | |a 8493069728 | ||
| 043 | |a e-sp--- |b e-spcvc |2 catmarc | ||
| 080 | |a Bib-904 | ||
| 100 | 1 | |a Pineda, Laia |e autor |9 54188 | |
| 245 | 1 | 4 | |a Les Cares del viatge : |b una aproximació a la immigració estrangera de Rubí / |c Laia Pineda, Ismael Vaccaro |
| 260 | |a Rubí : |b El Castell-Ecomuseu Urbà : |b Ajuntament de Rubí, |c 1999 | ||
| 300 | |a 126 pàgines : |b il·lustracions ; |c 25 cm | ||
| 504 | |a Bibliografia p. 125-126 | ||
| 650 | 0 | |a Immigrants |z Rubí (Catalunya) |2 lemac |9 54190 | |
| 651 | 0 | |a Rubí (Catalunya) |x Emigració i immigració |2 lemac |9 54189 | |
| 700 | 1 | |a Vaccaro, Ismael |9 34152 |e autor | |
| 710 | 1 | |a Rubí (Catalunya). |b Ajuntament |9 54191 | |
| 710 | 2 | |a Castell-Ecomuseu Urbà |9 54192 | |
| 908 | |a MEB |a BC |a UAB |a UdL |a URV |a URL |a UdG |a ICGC |a GEPA | ||
| 940 | |a BC | ||
| 942 | |2 udc |c ARXIU |n 1 | ||
| 952 | |0 0 |1 0 |4 0 |6 BIB904 |7 1 |9 63472 |a Arxiu |b Arxiu |d 2022-08-16 |o Bib-904 |p 26480 |r 2022-08-16 00:00:00 |w 2022-08-16 |y ARXIU | ||
| 999 | |c 82595 |d 82595 | ||